| 000 | 00893cam a22002771 4500 | ||
|---|---|---|---|
| 999 |
_c8927 _d8927 |
||
| 001 | 8927 | ||
| 003 | BD-JhCC | ||
| 005 | 20180305185717.0 | ||
| 008 | 740506s1938 nyu b 001 0 eng | ||
| 035 | _a(BD-JhCC)8927 | ||
| 040 |
_aDLC _cOWoC _dOCoLC _dDLC _dBD-JhCC |
||
| 041 | _aeng | ||
| 050 | 0 | 0 |
_aPS507 _b.O9 |
| 082 |
_a810.822 _bTHE 1938 |
||
| 245 | 0 | 4 |
_aThe Oxford anthology of American literature, _cchosen and edited by William Rose Benét and Norman Holmes Pearson. |
| 260 |
_aNew York, _bOxford University Press, _c1938. |
||
| 300 |
_axxx, 1705 p. _c24 cm. |
||
| 500 | _a"First edition." | ||
| 500 | _a"Biographical commentaries": p. 1577-1683. | ||
| 504 | _aBibliography: p. 1685-1688. | ||
| 650 | 0 | _aAmerican literature. | |
| 700 | 1 |
_aBenét, William Rose, _d1886-1950, |
|
| 700 | 1 |
_aPearson, Norman Holmes, _d1909-1975, |
|
| 942 |
_2ddc _cBK |
||